| 000 | 01008nam a22002777a 4500 | ||
|---|---|---|---|
| 001 | 9386 | ||
| 003 | FISKH | ||
| 005 | 20251217151744.0 | ||
| 008 | 251217b cb ||||| |||| 00| 0 eng d | ||
| 020 | _a9781405233187 | ||
| 040 |
_aFISKH _beng _cFISKH _dFISKH |
||
| 050 | _aPZ7 F | ||
| 082 | _a823.914 | ||
| 100 |
_aFine, Anne _eAuthor |
||
| 245 |
_aBill's new frock / _cAnne Fine ; Illustrated by Philippe Dupasquier |
||
| 260 |
_aLondon : _bEgmont UK Limited , _c2010 |
||
| 300 |
_a100 pages : _billustrations ; _c21 cm |
||
| 505 | _aR | ||
| 520 | _aHumorous fiction. Bill Simpson wakes up to find he's a girl and his mother makes him wear a frilly pink dress to school. How on earth is he going to survive a whole day like this? Everything just seems to be different for girls. | ||
| 521 | 8 |
_a690
_bLexile |
|
| 521 | 8 |
_aR
_bRaz-Plus |
|
| 650 |
_aStories with issues and dilemmas _vEnglish literature |
||
| 700 |
_aDupasquier, Philippe _eIllustrator |
||
| 942 |
_2ddc _cBK _n0 |
||
| 999 |
_c9386 _d9386 |
||